Las tras-logias (Record no. 166329)

MARC details
000 -LEADER
campo de control de longitud fija 00573nam a22001695i 4500
001 - NÚMERO DE CONTROL
campo de control 166329
003 - IDENTIFICADOR DE NÚMERO DE CONTROL
campo de control ES-MaACL
005 - FECHA Y HORA DE LA ÚLTIMA TRANSACCIÓN
campo de control 20230906213317.0
008 - DATOS DE LONGITUD FIJA--INFORMACIÓN GENERAL
campo de control de longitud fija 970829s1895 sp |||| | spa d
040 ## - FUENTE DE CATALOGACIÓN
Centro catalogador/agencia de origen AR
Lengua de catalogación spa
Centro/agencia transcriptor AR
100 1# - ENTRADA PRINCIPAL--NOMBRE DE PERSONA
Nombre de persona Tirado y Rojas, Mariano.
9 (RLIN) 133263
245 14 - MENCIÓN DEL TÍTULO
Título Las tras-logias
Resto del título : continuación de "La Masonería en España" /
Mención de responsabilidad, etc. por Mariano Tirado y Rojas.
260 ## - PUBLICACIÓN, DISTRIBUCIÓN, ETC.
Lugar de publicación, distribución, etc. Madrid :
Nombre del editor, distribuidor, etc. [s.n.],
Fecha de publicación, distribución, etc. 1895 (
Fabricante Estab. tip. de Ricardo Fé)
300 ## - DESCRIPCIÓN FÍSICA
Extensión 278 p. ;
Dimensiones 18 cm.
610 24 - PUNTO DE ACCESO ADICIONAL DE MATERIA--NOMBRE DE ENTIDAD CORPORATIVA
Nombre de entidad corporativa o nombre de jurisdicción como elemento de entrada Masonería-
Subdivisión geográfica España-
Subdivisión cronológica S.XIX.
9 (RLIN) 5663
852 ## - LOCALIZACIÓN
Ubicación ES-MaACL
Número de control de estantería D-3513
Nota libre -- Rust.
Holdings
Estatus retirado Estado de pérdida Estado de daño No para préstamo Colección Biblioteca de origen Biblioteca actual Ubicación en estantería Fecha de adquisición Fuente de adquisición Total de préstamos Signatura topográfica completa Código de barras Visto por última vez Precio de reemplazo Tipo de ítem Koha
        Libros del s. XIX Biblioteca del Ateneo de Madrid Biblioteca del Ateneo de Madrid Sala Valle Inclán 17/01/2008     D-3513 901174435 23/02/2023 23/02/2023 Libro impreso antiguo